00303nam a2200097Ia 45000010005000000080041000050820023000461000034000692450078001032600024001811340241024s9999 xx 000 0 und d aRD/344/R426l/33-98 aRepública Dominicana. INEFI 0aLey 33-98, que crea el Instituto Nacional de Educación Física (INEFI) bSanto Domingoc1998